| Поле | Название | Значение |
| |
Тип записи |
a |
| |
Библиографический уровень |
m |
| 001 |
Контрольный номер |
RU/СЮИ МВД России/KNIGI/65.052/Ж 36-191286 |
| 005 |
Дата корректировки |
20140508173803.4 |
| 010 |
Индекс ISBN |
__ |
| a |
ISBN |
978-5-406-00544-6 |
| d |
Цена |
р.195.30 |
| 100 |
Данные общей обработки |
__ |
| a |
Данные общей обработки |
20110620d2010 |||y0rusy0189 |
| 101 |
Язык документа |
0_ |
| a |
Язык текста |
rus |
| 102 |
Страна публикации |
__ |
| a |
Страна публикации |
RU |
| 105 |
Кодированные данные (монография) |
__ |
| a |
Кодированные данные (монография) |
y j 000yy |
| 200 |
Заглавие и сведения об ответственности |
1_ |
| a |
Заглавие |
Российские и международные стандарты аудиторской деятельности. Классификация, сравнительная оценка, рекомендации по применению |
| e |
Сведения, относящиеся к заглавию |
учеб. пособие |
| f |
Первые сведения об ответственности |
Б. Т. Жарылгасова |
| 210 |
Выходные данные |
__ |
| a |
Место издания |
М. |
| c |
Издательство |
КноРус |
| d |
Дата издания |
2010 |
| 215 |
Физическое описание |
__ |
| a |
Объем |
400 с. |
| 327 |
Примечание о содержании |
1_ |
| a |
Примечание о содержании |
Содержание : Стандартизация аудиторской деятельности ; Стандарты по регулированию обязанностей аудиторов ; Стандарты по планированию аудита и регулированию аспектов системы внутреннего контроля ; Стандарты аудита по получению аудиторских доказательств ; Стандарты аудита, регулирующие порядок использования работы третьих лиц ; Стандарты аудита по выводам и подготовке отчетов (заключений) ; Положения по аудиторской практике |
| 330 |
Аннотация |
__ |
| a |
Аннотация |
Рекомендовано Учебно-методическим центром Классический учебник в качестве учебного пособия для студентов высших учебных заведений |
| 464 |
Аналитический уровень |
_0 |
| 1 |
|
2001 |
| a |
|
Стандартизация аудиторской деятельности |
| 464 |
Аналитический уровень |
_0 |
| 1 |
|
2001 |
| a |
|
Стандарты по регулированию обязанностей аудиторов |
| 464 |
Аналитический уровень |
_0 |
| 1 |
|
2001 |
| a |
|
Стандарты по планированию аудита и регулированию аспектов системы внутреннего контроля |
| 464 |
Аналитический уровень |
_0 |
| 1 |
|
2001 |
| a |
|
Стандарты аудита по получению аудиторских доказательств |
| 464 |
Аналитический уровень |
_0 |
| 1 |
|
2001 |
| a |
|
Стандарты аудита, регулирующие порядок использования работы третьих лиц |
| 464 |
Аналитический уровень |
_0 |
| 1 |
|
2001 |
| a |
|
Стандарты аудита по выводам и подготовке отчетов (заключений) |
| 464 |
Аналитический уровень |
_0 |
| 1 |
|
2001 |
| a |
|
Положения по аудиторской практике |
| 606 |
Тематические рубрики |
__ |
| a |
Основная рубрика |
Аудит |
| 620 |
Место и дата публикации, исполнения и т.д. |
__ |
| d |
Город |
Москва |
| 686 |
Индексы других классификаций |
__ |
| a |
Классификационный индекс |
65.052 |
| 2 |
Код системы |
rubbk |
| 686 |
Индексы других классификаций |
__ |
| a |
Классификационный индекс |
06 |
| 2 |
Код системы |
rugasnti |
| 700 |
Автор |
_1 |
| a |
Фамилия |
Жарылгасова |
| b |
Имя |
Б. Т. |
| 4 |
Код отношения |
070 |
| 801 |
Источник записи |
_0 |
| b |
Организация |
СЮИ МВД России |
| a |
Страна |
RU |
| c |
Дата составления |
20110620 |
| 801 |
Источник записи |
_1 |
| a |
Страна |
RU |
| b |
Организация |
ПКИ |
| c |
Дата составления |
20110620 |
| 852 |
Данные о местонахождении |
__ |
| a |
Наименование организации |
СЮИ МВД России |
| b |
Сигла хранения |
ЧЗ_Поволжский филиал |
| i |
Авторский знак |
Ж 36 |
| p |
Инвентарный номер |
139782 |
| j |
Шифр хранения |
65.052 |
| j |
Шифр хранения |
65.052 |
| j |
Шифр хранения |
65.052 |
| j |
Шифр хранения |
65.052 |
| j |
Шифр хранения |
65.052 |
| j |
Шифр хранения |
65.052 |
| j |
Шифр хранения |
65.052 |
| j |
Шифр хранения |
65.052 |
| j |
Шифр хранения |
65.052 |
| j |
Шифр хранения |
65.052 |
| j |
Шифр хранения |
65.052 |
| j |
Шифр хранения |
65.052 |
| j |
Шифр хранения |
65.052 |
| j |
Шифр хранения |
65.052 |
| j |
Шифр хранения |
65.052 |
| j |
Шифр хранения |
65.052 |
| j |
Шифр хранения |
65.052 |
| j |
Шифр хранения |
65.052 |
| j |
Шифр хранения |
65.052 |
| j |
Шифр хранения |
65.052 |
| j |
Шифр хранения |
65.052 |
| j |
Шифр хранения |
65.052 |
| j |
Шифр хранения |
65.052 |
| j |
Шифр хранения |
65.052 |
| j |
Шифр хранения |
65.052 |
| j |
Шифр хранения |
65.052 |
| j |
Шифр хранения |
65.052 |
| j |
Шифр хранения |
65.052 |
| j |
Шифр хранения |
65.052 |
| j |
Шифр хранения |
65.052 |
| 852 |
Данные о местонахождении |
__ |
| a |
Наименование организации |
СЮИ МВД России |
| b |
Сигла хранения |
УчФ_Поволжский филиал |
| i |
Авторский знак |
Ж 36 |
| p |
Инвентарный номер |
139783 |
| 852 |
Данные о местонахождении |
__ |
| a |
Наименование организации |
СЮИ МВД России |
| b |
Сигла хранения |
УчФ_Поволжский филиал |
| i |
Авторский знак |
Ж 36 |
| p |
Инвентарный номер |
139784 |
| 852 |
Данные о местонахождении |
__ |
| a |
Наименование организации |
СЮИ МВД России |
| b |
Сигла хранения |
УчФ_Поволжский филиал |
| i |
Авторский знак |
Ж 36 |
| p |
Инвентарный номер |
139785 |
| 852 |
Данные о местонахождении |
__ |
| a |
Наименование организации |
СЮИ МВД России |
| b |
Сигла хранения |
УчФ_Поволжский филиал |
| i |
Авторский знак |
Ж 36 |
| p |
Инвентарный номер |
139786 |
| 852 |
Данные о местонахождении |
__ |
| a |
Наименование организации |
СЮИ МВД России |
| b |
Сигла хранения |
УчФ_Поволжский филиал |
| i |
Авторский знак |
Ж 36 |
| p |
Инвентарный номер |
139787 |
| 852 |
Данные о местонахождении |
__ |
| a |
Наименование организации |
СЮИ МВД России |
| b |
Сигла хранения |
УчФ_Поволжский филиал |
| i |
Авторский знак |
Ж 36 |
| p |
Инвентарный номер |
139788 |
| 852 |
Данные о местонахождении |
__ |
| a |
Наименование организации |
СЮИ МВД России |
| b |
Сигла хранения |
УчФ_Поволжский филиал |
| i |
Авторский знак |
Ж 36 |
| p |
Инвентарный номер |
139789 |
| 852 |
Данные о местонахождении |
__ |
| a |
Наименование организации |
СЮИ МВД России |
| b |
Сигла хранения |
УчФ_Поволжский филиал |
| i |
Авторский знак |
Ж 36 |
| p |
Инвентарный номер |
139790 |
| 852 |
Данные о местонахождении |
__ |
| a |
Наименование организации |
СЮИ МВД России |
| b |
Сигла хранения |
УчФ_Поволжский филиал |
| i |
Авторский знак |
Ж 36 |
| p |
Инвентарный номер |
139791 |
| 852 |
Данные о местонахождении |
__ |
| a |
Наименование организации |
СЮИ МВД России |
| b |
Сигла хранения |
УчФ_Поволжский филиал |
| i |
Авторский знак |
Ж 36 |
| p |
Инвентарный номер |
139792 |
| 852 |
Данные о местонахождении |
__ |
| a |
Наименование организации |
СЮИ МВД России |
| b |
Сигла хранения |
УчФ_Поволжский филиал |
| i |
Авторский знак |
Ж 36 |
| p |
Инвентарный номер |
139793 |
| 852 |
Данные о местонахождении |
__ |
| a |
Наименование организации |
СЮИ МВД России |
| b |
Сигла хранения |
УчФ_Поволжский филиал |
| i |
Авторский знак |
Ж 36 |
| p |
Инвентарный номер |
139794 |
| 852 |
Данные о местонахождении |
__ |
| a |
Наименование организации |
СЮИ МВД России |
| b |
Сигла хранения |
УчФ_Поволжский филиал |
| i |
Авторский знак |
Ж 36 |
| p |
Инвентарный номер |
139795 |
| 852 |
Данные о местонахождении |
__ |
| a |
Наименование организации |
СЮИ МВД России |
| b |
Сигла хранения |
УчФ_Поволжский филиал |
| i |
Авторский знак |
Ж 36 |
| p |
Инвентарный номер |
139796 |
| 852 |
Данные о местонахождении |
__ |
| a |
Наименование организации |
СЮИ МВД России |
| b |
Сигла хранения |
УчФ_Поволжский филиал |
| i |
Авторский знак |
Ж 36 |
| p |
Инвентарный номер |
139797 |
| 852 |
Данные о местонахождении |
__ |
| a |
Наименование организации |
СЮИ МВД России |
| b |
Сигла хранения |
УчФ_Поволжский филиал |
| i |
Авторский знак |
Ж 36 |
| p |
Инвентарный номер |
139798 |
| 852 |
Данные о местонахождении |
__ |
| a |
Наименование организации |
СЮИ МВД России |
| b |
Сигла хранения |
УчФ_Поволжский филиал |
| i |
Авторский знак |
Ж 36 |
| p |
Инвентарный номер |
139799 |
| 852 |
Данные о местонахождении |
__ |
| a |
Наименование организации |
СЮИ МВД России |
| b |
Сигла хранения |
УчФ_Поволжский филиал |
| i |
Авторский знак |
Ж 36 |
| p |
Инвентарный номер |
139800 |
| 852 |
Данные о местонахождении |
__ |
| a |
Наименование организации |
СЮИ МВД России |
| b |
Сигла хранения |
УчФ_Поволжский филиал |
| i |
Авторский знак |
Ж 36 |
| p |
Инвентарный номер |
139801 |
| 852 |
Данные о местонахождении |
__ |
| a |
Наименование организации |
СЮИ МВД России |
| b |
Сигла хранения |
УчФ_Поволжский филиал |
| i |
Авторский знак |
Ж 36 |
| p |
Инвентарный номер |
139802 |
| 852 |
Данные о местонахождении |
__ |
| a |
Наименование организации |
СЮИ МВД России |
| b |
Сигла хранения |
УчФ_Поволжский филиал |
| i |
Авторский знак |
Ж 36 |
| p |
Инвентарный номер |
139803 |
| 852 |
Данные о местонахождении |
__ |
| a |
Наименование организации |
СЮИ МВД России |
| b |
Сигла хранения |
УчФ_Поволжский филиал |
| i |
Авторский знак |
Ж 36 |
| p |
Инвентарный номер |
139804 |
| 852 |
Данные о местонахождении |
__ |
| a |
Наименование организации |
СЮИ МВД России |
| b |
Сигла хранения |
УчФ_Поволжский филиал |
| i |
Авторский знак |
Ж 36 |
| p |
Инвентарный номер |
139805 |
| 852 |
Данные о местонахождении |
__ |
| a |
Наименование организации |
СЮИ МВД России |
| b |
Сигла хранения |
УчФ_Поволжский филиал |
| i |
Авторский знак |
Ж 36 |
| p |
Инвентарный номер |
139806 |
| 852 |
Данные о местонахождении |
__ |
| a |
Наименование организации |
СЮИ МВД России |
| b |
Сигла хранения |
УчФ_Поволжский филиал |
| i |
Авторский знак |
Ж 36 |
| p |
Инвентарный номер |
139807 |
| 852 |
Данные о местонахождении |
__ |
| a |
Наименование организации |
СЮИ МВД России |
| b |
Сигла хранения |
УчФ_Поволжский филиал |
| i |
Авторский знак |
Ж 36 |
| p |
Инвентарный номер |
139808 |
| 852 |
Данные о местонахождении |
__ |
| a |
Наименование организации |
СЮИ МВД России |
| b |
Сигла хранения |
УчФ_Поволжский филиал |
| i |
Авторский знак |
Ж 36 |
| p |
Инвентарный номер |
139809 |
| 852 |
Данные о местонахождении |
__ |
| a |
Наименование организации |
СЮИ МВД России |
| b |
Сигла хранения |
УчФ_Поволжский филиал |
| i |
Авторский знак |
Ж 36 |
| p |
Инвентарный номер |
139810 |
| 852 |
Данные о местонахождении |
__ |
| a |
Наименование организации |
СЮИ МВД России |
| b |
Сигла хранения |
УчФ_Поволжский филиал |
| i |
Авторский знак |
Ж 36 |
| p |
Инвентарный номер |
139811 |
| 901 |
Тип документа |
__ |
| t |
Тип документа |
m |
| 938 |
Служебная информация |
__ |
| a |
Название организации |
Поволжский филиал |
| b |
Имя БД |
Книги_Ирбис |
| c |
Название АИБС |
АБИС ИРБИС |